Practical ship stability (Record no. 1099)

000 -LEADER
fixed length control field 00398nam a22001577a 4500
008 - FIXED-LENGTH DATA ELEMENTS--GENERAL INFORMATION
fixed length control field 200109b ||||| |||| 00| 0 eng d
082 00 - DEWEY DECIMAL CLASSIFICATION NUMBER
Classification number 623.8171
Item number M1351
100 ## - MAIN ENTRY--PERSONAL NAME
9 (RLIN) 677
Personal name MacDonald, K.
245 10 - TITLE STATEMENT
Title Practical ship stability
250 ## - EDITION STATEMENT
Edition statement 2nd
260 ## - PUBLICATION, DISTRIBUTION, ETC. (IMPRINT)
Place of publication, distribution, etc Glasgow
Name of publisher, distributor, etc Brown son & ferguson
Date of publication, distribution, etc 1946
300 ## - PHYSICAL DESCRIPTION
Extent 98P.
365 ## - TRADE PRICE
Unit of pricing 4.14
650 #0 - SUBJECT ADDED ENTRY--TOPICAL TERM
Topical term or geographic name as entry element Stability of ships
942 ## - ADDED ENTRY ELEMENTS (KOHA)
Item type Books
Holdings
Withdrawn status Lost status Source of classification or shelving scheme Damaged status Not for loan Permanent location Current location Date acquired Source of acquisition Full call number Barcode Date last seen Koha item type
          IMU Kolkata IMU Kolkata 1952-11-26 E. Stevens & Co 623.8171 M1351 00894 2020-01-09 Books
          IMU Kolkata IMU Kolkata 1952-11-26 E. Stevens & Co 623.8171 M1351 00895 2020-01-09 Books
Designed and Maintained by IMU-KC Library, Kolkata Campus © Copyright All Rights Reserved

webs counters

Powered by Koha